000 01127nam a22002657a 4500
003 PE SENCICO BE
005 20251020182638.0
008 230620b |||||||| |||| 00| 0 eng d
040 _aPE SENCICO BE
_cPE SENCICO BE
041 _aspa
082 _aI
_aTOP
_a2017
_bG71
100 1 _91159
_aGonzales Audante, Eric Steve
_eautor
245 1 _aReplanteo de los planos estructurales del Hospital II-2 Tarapoto /
_cEric Steve Gonzales Audante
260 _aLima :
_c2017
300 _a82 h. :
_bplanos pleg., il. col., diagrs. ;
_c29 cm.
500 _aEn la portada: Informe de experiencia laboral.
502 _aMonografía de Titulación.-- Servicio Nacional de Capacitación para la Industria de la Construcción. Escuela Superior Técnica. Carrera Profesional Técnica en Topografía y Geodesía, 2017.
504 _aBibliografía: h. 77.
650 1 4 _94
_aTopografía
650 2 0 _aHospitales
_91160
650 2 4 _9116
_aLevantamiento topográfico
710 1 _aServicio Nacional de Capacitación para la Industria de la Construcción.
_bEscuela Superior Técnica
_91065
910 _bhfp
_chfp
942 _cMON
_2ddc
999 _c4201
_d4201